مكتبة جامعة عجلون الوطنية

فهرس بحث المكتبة

International Accounting / (Record no. 33295)

MARC details
000 -LEADER
fixed length control field 00589nam a22001937a 4500
003 - CONTROL NUMBER IDENTIFIER
control field JO-AjAnu
005 - DATE AND TIME OF LATEST TRANSACTION
control field 20231211151504.0
008 - FIXED-LENGTH DATA ELEMENTS--GENERAL INFORMATION
fixed length control field 231211b jo ||||| |||| 00| 0 ara d
040 ## - CATALOGING SOURCE
Language of cataloging ARA
Transcribing agency JO-AjAnu
Modifying agency ANU
100 ## - MAIN ENTRY--PERSONAL NAME
Personal name Choi، Frederick D. S
9 (RLIN) 64989
Relator term Author
245 ## - TITLE STATEMENT
Title International Accounting /
Statement of responsibility, etc. Frederick D.S. Choi
250 ## - EDITION STATEMENT
Edition statement third edition
260 ## - PUBLICATION, DISTRIBUTION, ETC.
Place of publication, distribution, etc. USA :
Name of publisher, distributor, etc. Prentice،
Date of publication, distribution, etc. 1999
300 ## - PHYSICAL DESCRIPTION
Extent 479 Pages
650 ## - SUBJECT ADDED ENTRY--TOPICAL TERM
Form subdivision International-Business-Enterpriss
700 ## - ADDED ENTRY--PERSONAL NAME
Personal name Carol Ann Frost
9 (RLIN) 64998
Relator term Joint Author
700 ## - ADDED ENTRY--PERSONAL NAME
Personal name Gray K. Meek
9 (RLIN) 65000
Relator term Joint Author
942 ## - ADDED ENTRY ELEMENTS (KOHA)
Source of classification or shelving scheme Library of Congress Classification
Koha item type Books
Suppress in OPAC No
Holdings
Withdrawn status Lost status Source of classification or shelving scheme Damaged status Not for loan Home library Current library Date acquired Total Checkouts Full call number Barcode Date last seen Price effective from Koha item type
    Library of Congress Classification     مكتبة جامعة عجلون الوطنية مكتبة جامعة عجلون الوطنية 11/12/2023   HF5686.I56.C53.1999 E3556 11/12/2023 11/12/2023 Books